| 000 | 00767nam a2200229Ia 4500 | ||
|---|---|---|---|
| 001 | 9227 | ||
| 003 | GE_BSU | ||
| 008 | 181216s||||||||xx |||||||||||||| ||und|| | ||
| 040 | _cGE_BSU | ||
| 080 | _a821.353.1-4 | ||
| 100 | _aლომიძე,გიორგი | ||
| 245 | _aომის გზებზე | ||
| 245 | _bსამხედრო ნარკვევების კრებული | ||
| 245 | _cრედ:გ.ჯიბლაძე | ||
| 260 | _aთბილისი. | ||
| 260 | _bგამ-ბა,კომუნისტი | ||
| 260 | _c1946 | ||
| 300 | _a126გვ;23სმ. | ||
| 653 | _aომის გზებზე | ||
| 653 | _aსამხედრო ნარკვევების კრებული | ||
| 942 | _cBK | ||
| 999 |
_c42530 _d42530 |
||